000 00921nam a2200253Ia 4500
003 OSt
005 20220923212411.0
006 a|||||r|||| 00| 0
007 ta
008 220922b |||||||| |||| 00| 0 hin d
024 _a152,617
037 _cTextual
040 _aARTS
_cARTS
_bhin
041 _2hin
_ahin
082 _aN82, 152J9-;1
100 _aबृहस्पति, कैलासचन्द्र देव
_9162426
245 0 _aभारत का संगीत सिद्वान्त
246 _aBhārat kā sangīt sidvānta
260 _aवाराणसी
_b भार्गव भूषण प्रेस
_c1959
300 _a336p
_ccm.
490 _aहिन्दी समिति गं्रथमाला; 28
942 _hN82, 152J9-;1
_cTEXL
_2CC
999 _c308266
_d308266